| 000 | 00369cam a22001457a 4500 | ||
|---|---|---|---|
| 008 | 180718b1938 xxu||||| |||| 00| 0 eng d | ||
| 082 | _aB18 W462 | ||
| 100 | _aWells, H. G. | ||
| 245 |
_aWhat are we to do with our lives? _cby H. G. Wells |
||
| 260 |
_aLondon _bWatts _c1938 |
||
| 300 | _a150p. | ||
| 650 | _aSocial problems | ||
| 650 | _aSociology | ||
| 650 | _aUtopias | ||
| 999 |
_c431936 _d431936 |
||